[Event "Solina Mind Sports U14 op"]
[Site "Solina"]
[Date "2012.04.18"]
[Round "5"]
[White "Marchlewicz, Artur"]
[Black "Mis, Adrian"]
[Result "1-0"]
[WhiteElo "1674"]
[BlackElo "1293"]
[PlyCount "103"]
[EventDate "2012.04.15"]
[EventType "swiss"]
[EventRounds "9"]
[EventCountry "POL"]
[SourceTitle "EXT 2014"]
[Source "ChessBase"]
[SourceDate "2013.11.20"]
[SourceVersion "1"]
[SourceVersionDate "2013.11.20"]
[SourceQuality "1"]

1. e4 e5 2. Nf3 Nc6 3. Bb5 Nf6 4. 0-0 Bc5 5. Re1 0-0 6. c3 d6 7. h3 Bd7 8. d4 exd4 9. cxd4 Bb4 10. Nc3 Re8 11. Bg5 h6 12. Bh4 Ne7 13. Bxd7 Qxd7 14. Bxf6 gxf6 15. a3 Bxc3 16. bxc3 Kh7 17. Nh4 Rg8 18. Qf3 Qe6 19. Re3 Rg5 20. Qe2 Rag8 21. f4 Rg3 22. f5 Rxe3 23. Qxe3 Qc4 24. Rb1 b6 25. Rf1 Qb3 26. Qc1 d5 27. e5 fxe5 28. dxe5 Qc4 29. Rf4 Qe2 30. f6 Ng6 31. Rf2 Qh5 32. Nxg6 Qxg6 33. Qe3 Re8 34. Rf4 Qg5 35. Qd3+ Kh8 36. Rf5 Qg6 37. Qf3 c6 38. g4 Rg8 39. Kh2 Qh7 40. Qe3 Rg6 41. e6 Qg8 42. exf7 Qxf7 43. Qe7 Kg8 44. Qd8+ Qf8 45. f7+ Kg7 46. Qe8 Qd6+ 47. Kg2 Qf8 48. Qe5+ Kh7 49. Kf3 Rg7 50. Rf6 Rxf7 51. Qf5+ Kh8 52. Rxf7 1-0